000 00388pab a2200157 454500
008 180718b2015 xxu||||| |||| 00| 0 eng d
100 _aArun Kumar
245 _aDecisions can be honest or dishonest, correct or incorrect
260 _c2015
300 _ap.33-35
362 _a23 May
650 _aCorruption
650 _aDecision making
773 _aMainstream
909 _a107813
999 _c107808
_d107808